| 000 | 01220cam a22002771 4500 | ||
|---|---|---|---|
| 001 | goodbyebunnybang00dank | ||
| 003 | CaSfIA | ||
| 005 | 20210118090438.0 | ||
| 007 | cr|||| | ||
| 008 | 750902s1956 xx 000 0 eng | ||
| 010 | _a 56005902 | ||
| 035 | _a(DLC) 56005902 | ||
| 035 | _a(OCoLC)1593284 | ||
| 040 |
_aDLC _cFM _dDLC _dBIBLIOS _dCaSfIA |
||
| 042 | _apremarc | ||
| 050 | 0 | 0 |
_aPZ10.3.D2284 _bGo |
| 100 | 1 | _aDankovszky, Dorathea. | |
| 245 | 1 | 0 |
_aGood bye, Bunny Bangs, _h[electronic resource] _cwritten and illustrated by Dorathea Dana [pseud.] |
| 260 |
_aNew York, _bAbelard Schuman _c[1956] |
||
| 300 |
_aunpaged. _billus. _c23 cm. |
||
| 856 | 4 | 1 |
_uhttp://www.archive.org/details/goodbyebunnybang00dank _zFree eBook from the Internet Archive |
| 856 | 4 | 2 |
_uhttp://www.openlibrary.org/books/OL6197617M _zAdditional information and access via Open Library |
| 942 | _cEB | ||
| 506 | _fНеобхідна авторизація на https://archive.org/ (створення облікового запису безкоштовно) | ||
| 506 | _fНеобхідна авторизація на https://openlibrary.org/ (створення облікового запису безкоштовно) | ||
| 999 |
_c502227 _d502227 |
||